000 004190000a22001570004500
003 LK-CoMWRAF
008 230817t ||||| |||| 00| 0 eng d
040 _aLK-CoMWRAF
_dLK-CoMWRAF
_eLK-CoMWRAF
041 _aeng
082 _a060
_bSTA
245 _aStatistical abstract
_bof the Democratic Socialist Republic of Sri lanka
260 _aColombo
_bCensus
_c1994
300 _ap.472
650 _aStatistics
942 _cBK
999 _c2682
_d2682